000 00650cab a2200217 4500
001 WB3041-39
008 090401t1994 xxu||||| |||| 00| 0 eng d
035 _a(Sirsi) u26847
041 _aeng
245 _aInvestment in Cuba
260 _c1994
350 _a0
490 _aFinancial Times
_v1 November 1994, 4(1)
520 _aCuba is to open more of its state-run economy to foreign investment, including real estate, services and sugar production.
650 _aCUBA
650 _aFOREIGN INVESTMENT
690 _aPROPERTY-PROPERTY FINANCE AND INVESTMENT
690 _aOVERSEAS-REST OF THE WORLD
942 _n0
948 _c04/03/1997
999 _c18081
_d18081